| 000 | 00449nam a2200181Ia 4500 | ||
|---|---|---|---|
| 001 | 8118 | ||
| 005 | 20260306160545.0 | ||
| 008 | 260306t1991||||xx |||||||||||||| ||spa|| | ||
| 041 | _aESP | ||
| 082 |
_a370.112 _bF75 |
||
| 100 |
_aForment Giralt, Eudaldo _eAUT |
||
| 245 | 0 | _aEnseñanza de la filosofía en la educación secundaria | |
| 260 | _c1991 | ||
| 300 |
_a426 páginas : _c |
||
| 650 | _aGEN | ||
| 654 | _aCED | ||
| 942 |
_cLIB _dJUS _fJUS _2ddc _n |
||
| 999 |
_c8118 _d8118 |
||